[Event "BEL-chT 9900"]
[Site "Antwerp"]
[Date "2000.01.09"]
[Round "7"]
[White "Schneider, Bernd"]
[Black "Den Boer, Ber"]
[Result "1/2-1/2"]
[WhiteElo "2415"]
[BlackElo "2353"]
[PlyCount "40"]
[EventDate "1999.10.08"]
[EventType "team"]
[EventRounds "11"]
[EventCountry "BEL"]
[SourceTitle "CBM 075 Extra"]
[Source "ChessBase"]
[SourceDate "2000.05.11"]
[SourceVersion "2"]
[SourceVersionDate "2000.05.11"]
[SourceQuality "1"]

1. c4 c5 2. Nf3 Nf6 3. d4 cxd4 4. Nxd4 Nc6 5. Nc3 g6 6. Nc2 Bg7 7. g3 0-0 8. Bg2 d6 9. 0-0 Be6 10. b3 Qd7 11. Bb2 Bh3 12. Rb1 a6 13. a4 Na5 14. Ba1 Bxg2 15. Kxg2 e6 16. e4 Rfd8 17. Ne3 Rac8 18. Qf3 h6 19. Ne2 Qe7 20. Nf4 Nc6 1/2-1/2

[Event "NED-chT"]
[Site "Netherlands"]
[Date "1992.??.??"]
[Round "?"]
[White "Bosboom, Manuel"]
[Black "Den Boer, Ber"]
[Result "0-1"]
[WhiteElo "2455"]
[BlackElo "2345"]
[PlyCount "106"]
[EventDate "1992.??.??"]
[EventType "team"]
[EventRounds "11"]
[EventCountry "NED"]
[SourceTitle "EXT 1999"]
[Source "ChessBase"]
[SourceDate "1998.11.16"]
[SourceVersion "1"]
[SourceVersionDate "1998.11.16"]
[SourceQuality "1"]

1. e4 c5 2. Nf3 e6 3. d3 d5 4. Nbd2 Nc6 5. g3 g6 6. Bg2 Bg7 7. 0-0 Nge7 8. Re1 b6 9. exd5 Nxd5 10. Nc4 Bb7 11. c3 Qc7 12. Ng5 0-0 13. Qg4 Nf6 14. Qh4 h6 15. Ne4 Nxe4 16. Bxe4 Qd8 17. Qxd8 Raxd8 18. a4 Ba8 19. h3 Rfe8 20. Bf4 g5 21. Bd6 Rd7 22. g4 Red8 23. Bg3 Ne7 24. Re2 Bd5 25. Ne3 Bc6 26. Nc4 Bd5 27. Ne3 Bb7 28. a5 b5 29. a6 Bxe4 30. dxe4 Nc6 31. Rc1 Be5 32. Kg2 Kg7 33. b3 Rd3 34. Rec2 Kf6 35. Ra1 Bf4 36. Nf1 R8d6 37. Re1 Ke5 38. f3 Bxg3 39. Kxg3 Nb8 40. Ra1 Rd1 41. Rxd1 Rxd1 42. Ne3 Rd6 43. Rc1 Rxa6 44. b4 cxb4 45. cxb4 Kd4 46. Nc2+ Kc3 47. Ne1+ Kd2 48. Rc8 Nc6 49. Ng2 Nxb4 50. Rc7 Nd3 51. Rxf7 b4 52. Rb7 e5 53. h4 Rb6 0-1

[Event "NED-chT"]
[Site "Netherlands"]
[Date "1992.??.??"]
[Round "?"]
[White "Den Boer, Ber"]
[Black "Speelman, Jonathan S"]
[Result "0-1"]
[WhiteElo "2345"]
[BlackElo "2630"]
[PlyCount "88"]
[EventDate "1992.??.??"]
[EventType "team"]
[EventRounds "11"]
[EventCountry "NED"]
[SourceTitle "EXT 1999"]
[Source "ChessBase"]
[SourceDate "1998.11.16"]
[SourceVersion "1"]
[SourceVersionDate "1998.11.16"]
[SourceQuality "1"]

1. d4 d6 2. Nf3 g6 3. c4 Bg7 4. Nc3 Bg4 5. d5 Nf6 6. g3 0-0 7. Bg2 c6 8. 0-0 Qc8 9. Re1 Re8 10. Bf4 Na6 11. Rc1 c5 12. e4 Nc7 13. Qd2 Nd7 14. Bh6 Bxf3 15. Bxf3 Bh8 16. Bg4 Rb8 17. a4 a6 18. Qe2 Qd8 19. Rcd1 b5 20. axb5 axb5 21. f4 Bd4+ 22. Kg2 bxc4 23. e5 dxe5 24. fxe5 Nb6 25. Rf1 Nbxd5 26. Qf3 Rxb2+ 27. Kh1 Nf6 28. exf6 exf6 29. Rb1 Rxb1 30. Rxb1 f5 31. Bh3 Qe7 32. Bd2 Ne6 33. Bf1 Ng5 34. Qd5 Rd8 35. Qc6 Be3 36. Be1 Bd2 37. Bxd2 Rxd2 38. Bg2 Kg7 39. Nd5 Qe5 40. Qxc5 Rxg2 41. Kxg2 Qe2+ 42. Qf2 Qe4+ 43. Kf1 Qxb1+ 44. Qe1 Qd3+ 0-1

[Event "Wch U26"]
[Site "Antwerp"]
[Date "1992.??.??"]
[Round "5"]
[White "Den Boer, Ber"]
[Black "Vega Holm, Fernando"]
[Result "1/2-1/2"]
[WhiteElo "2335"]
[BlackElo "2320"]
[PlyCount "47"]
[EventDate "1992.??.??"]
[EventType "swiss"]
[EventRounds "9"]
[EventCountry "BEL"]
[SourceTitle "CBM 030 Extra"]
[Source "ChessBase"]
[SourceDate "1992.11.01"]
[SourceVersion "1"]
[SourceVersionDate "1992.11.01"]
[SourceQuality "1"]

1. d4 Nf6 2. c4 g6 3. Nf3 Bg7 4. Nc3 d5 5. cxd5 Nxd5 6. e4 Nxc3 7. bxc3 c5 8. Rb1 0-0 9. Be2 Nc6 10. d5 Ne5 11. Nxe5 Bxe5 12. Qd2 e6 13. f4 Bg7 14. c4 Re8 15. e5 f6 16. exf6 Bxf6 17. 0-0 exd5 18. cxd5 Bd4+ 19. Kh1 Qxd5 20. Bf3 Qd6 21. Bb2 Bf5 22. Rbd1 Rad8 23. Bxd4 cxd4 24. Bxb7 1/2-1/2

[Event "Steinweg op 5th"]
[Site "Antwerp"]
[Date "1991.08.16"]
[Round "7"]
[White "San Marco, Bruno"]
[Black "Den Boer, Ber"]
[Result "1-0"]
[WhiteElo "2250"]
[BlackElo "2350"]
[PlyCount "93"]
[EventDate "1991.08.10"]
[EventType "swiss"]
[EventRounds "9"]
[EventCountry "BEL"]
[SourceTitle "EXT 2021"]
[Source "ChessBase"]
[SourceDate "2020.10.23"]
[SourceVersion "1"]
[SourceVersionDate "2020.10.23"]
[SourceQuality "1"]

1. e4 c5 2. c3 d5 3. exd5 Qxd5 4. d4 Nf6 5. Nf3 Nc6 6. Be2 e6 7. 0-0 Be7 8. Be3 cxd4 9. cxd4 0-0 10. Nc3 Qd8 11. Ne5 Nb4 12. Qb3 Nbd5 13. Bf3 Nxc3 14. bxc3 Nd5 15. Bd2 a5 16. c4 Nf6 17. Be3 a4 18. Qc2 Nd7 19. Nxd7 Qxd7 20. Rfd1 Qc7 21. g3 Ra5 22. Rab1 b5 23. Bd2 Ra7 24. Rxb5 Bd7 25. Bf4 Bd6 26. Rc5 Qb6 27. Rb1 Qa6 28. Bxd6 Qxd6 29. Qd2 Rd8 30. Ra5 Rc7 31. c5 Qe7 32. Qf4 Be8 33. Ra8 Rxa8 34. Bxa8 e5 35. dxe5 Rxc5 36. Rb8 a3 37. Qa4 Kf8 38. Bc6 Rxc6 39. Qxc6 Qxe5 40. Qa8 f6 41. Qxa3+ Kf7 42. Rb7+ Kg8 43. Qe7 Qa1+ 44. Kg2 Bc6+ 45. f3 Bxf3+ 46. Kxf3 Qf1+ 47. Ke3 1-0

[Event "Malaga op"]
[Site "Malaga"]
[Date "1991.??.??"]
[Round "8"]
[White "Den Boer, Ber"]
[Black "Hoffman, Alejandro"]
[Result "1/2-1/2"]
[WhiteElo "2310"]
[BlackElo "2415"]
[PlyCount "50"]
[EventDate "1991.??.??"]
[EventType "swiss"]
[EventRounds "9"]
[EventCountry "ESP"]
[SourceTitle "EXT 1997"]
[Source "ChessBase"]
[SourceDate "1996.11.15"]
[SourceVersion "1"]
[SourceVersionDate "1996.11.15"]
[SourceQuality "1"]

1. d4 e6 2. Nf3 Nf6 3. g3 d5 4. Bg2 Be7 5. 0-0 0-0 6. c4 c6 7. Qc2 b6 8. b3 Bb7 9. Bb2 Nbd7 10. Rd1 Rc8 11. Nc3 Qc7 12. Rac1 Qb8 13. e4 Rfd8 14. e5 Ne8 15. cxd5 cxd5 16. Bf1 Nf8 17. Bd3 Rc7 18. Qd2 Rdc8 19. Nb5 Rxc1 20. Rxc1 a6 21. Ba3 Bxa3 22. Nxa3 Rxc1+ 23. Qxc1 Qc7 24. Qd2 f6 25. Nc2 Qe7 1/2-1/2

[Event "Ostend op"]
[Site "Ostend"]
[Date "1991.??.??"]
[Round "9"]
[White "Tischbierek, Raj"]
[Black "Den Boer, Ber"]
[Result "1/2-1/2"]
[WhiteElo "2480"]
[BlackElo "2350"]
[PlyCount "86"]
[EventDate "1991.09.??"]
[EventType "swiss"]
[EventRounds "9"]
[EventCountry "BEL"]
[SourceTitle "CBM 026 Extra"]
[Source "ChessBase"]
[SourceDate "1992.03.01"]
[SourceVersion "1"]
[SourceVersionDate "1992.03.01"]
[SourceQuality "1"]

1. e4 c5 2. Nf3 e6 3. d4 cxd4 4. Nxd4 a6 5. Nc3 Qc7 6. Bd3 Nf6 7. 0-0 d6 8. Kh1 Nc6 9. Be3 g6 10. f4 Bg7 11. Nf3 0-0 12. Qe1 b5 13. Qh4 Re8 14. e5 Nd5 15. Nxd5 exd5 16. f5 gxf5 17. exd6 Qxd6 18. Bf4 Qf6 19. Bg5 Qxb2 20. Rab1 Qa3 21. Bf6 Qd6 22. Bxg7 Kxg7 23. Ng5 h6 24. Bxf5 Ne5 25. Nh3 Ng6 26. Qd4+ Qe5 27. Qd3 Bxf5 28. Rxf5 Qe4 29. Rbf1 Ra7 30. Qd1 Rc7 31. c3 Re5 32. R5f3 a5 33. Nf4 Rce7 34. Nd3 Rh5 35. h3 Qc4 36. Qd2 Rh4 37. Qf2 Qc7 38. Rg3 Rhe4 39. Nf4 Qe5 40. Nxg6 fxg6 41. Qf8+ Kh7 42. Rf7+ Rxf7 43. Qxf7+ Qg7 1/2-1/2

[Event "Dieren op"]
[Site "Dieren"]
[Date "1990.??.??"]
[Round "8"]
[White "Johansson, Jan"]
[Black "Den Boer, Ber"]
[Result "1-0"]
[WhiteElo "2460"]
[BlackElo "2300"]
[PlyCount "75"]
[EventDate "1990.07.??"]
[EventType "swiss"]
[EventRounds "9"]
[EventCountry "NED"]
[SourceTitle "CBM 019 Extra"]
[Source "ChessBase"]
[SourceDate "1991.01.01"]
[SourceVersion "1"]
[SourceVersionDate "1991.01.01"]
[SourceQuality "1"]

1. e4 d5 2. exd5 Qxd5 3. Nc3 Qa5 4. d4 Nf6 5. Nf3 Bg4 6. h3 Bh5 7. g4 Bg6 8. Ne5 e6 9. Nc4 Qa6 10. h4 Qc6 11. Rh3 Bb4 12. h5 Be4 13. Bd2 Bxc3 14. Rxc3 Qd7 15. f3 Bc6 16. Bg5 Nd5 17. Ra3 f6 18. Bh4 b5 19. Ne3 b4 20. Rd3 Bb5 21. Nxd5 Bxd3 22. Nxf6+ gxf6 23. Bxd3 0-0 24. Be4 c6 25. Qd2 Na6 26. 0-0-0 Kh8 27. g5 f5 28. Bd3 Nc7 29. Bg3 Nd5 30. Be5+ Kg8 31. g6 hxg6 32. hxg6 Nf6 33. Qg5 Qg7 34. Bc4 Rae8 35. Rh1 Re7 36. Rh7 Nxh7 37. gxh7+ Kxh7 38. Bxg7 1-0

[Event "Dieren op"]
[Site "Dieren"]
[Date "1990.??.??"]
[Round "1"]
[White "Kirov, Nino"]
[Black "Den Boer, Ber"]
[Result "1-0"]
[WhiteElo "2475"]
[BlackElo "2300"]
[PlyCount "77"]
[EventDate "1990.07.??"]
[EventType "swiss"]
[EventRounds "9"]
[EventCountry "NED"]
[SourceTitle "CBM 019 Extra"]
[Source "ChessBase"]
[SourceDate "1991.01.01"]
[SourceVersion "1"]
[SourceVersionDate "1991.01.01"]
[SourceQuality "1"]

1. Nf3 Nf6 2. g3 g6 3. Bg2 Bg7 4. c4 0-0 5. d4 d5 6. 0-0 dxc4 7. Na3 c3 8. bxc3 c5 9. Bb2 Nc6 10. e3 a6 11. Qe2 e5 12. Nxe5 Nxe5 13. dxe5 Ng4 14. f4 f6 15. h3 Nh6 16. exf6 Qxf6 17. g4 Qe7 18. Nc4 Be6 19. Nb6 Rae8 20. c4 Kh8 21. Rab1 Bg8 22. Bxg7+ Qxg7 23. Na4 Qd4 24. exd4 Rxe2 25. dxc5 Bxc4 26. Rfc1 Bxa2 27. Ra1 Bb3 28. Nc3 Rd2 29. Bxb7 Rxf4 30. c6 Rc4 31. Ra3 Nxg4 32. Rxb3 Ne5 33. Rf1 Rd3 34. Bxa6 Rcxc3 35. Rb8+ Kg7 36. Bxd3 Nxd3 37. Rb7+ Kh6 38. c7 Ne5 39. Rf8 1-0

[Event "Forli op"]
[Site "Forli"]
[Date "1989.??.??"]
[Round "7"]
[White "Den Boer, Ber"]
[Black "De Eccher, Stefano"]
[Result "0-1"]
[WhiteElo "2290"]
[BlackElo "2270"]
[PlyCount "72"]
[EventDate "1989.06.??"]
[EventType "swiss"]
[EventRounds "9"]
[EventCountry "ITA"]
[SourceTitle "EXT 1997"]
[Source "ChessBase"]
[SourceDate "1996.11.15"]
[SourceVersion "1"]
[SourceVersionDate "1996.11.15"]
[SourceQuality "1"]

1. d4 Nf6 2. c4 e6 3. Nf3 b6 4. a3 Bb7 5. Nc3 Ne4 6. Nxe4 Bxe4 7. Nd2 Bb7 8. e4 Qf6 9. d5 a5 10. Be2 Na6 11. 0-0 Bd6 12. Rb1 0-0 13. Kh1 exd5 14. cxd5 Rae8 15. f4 Qd4 16. b3 Rxe4 17. Bb2 Qxd5 18. Bf3 f5 19. Bxe4 fxe4 20. Qg4 Rf7 21. Nc4 Qf5 22. Qxf5 Rxf5 23. Rbd1 Nc5 24. Nxd6 cxd6 25. Rxd6 e3 26. Be5 g5 27. Rxb6 gxf4 28. Bd4 f3 29. Rxb7 e2 30. Rb8+ Kf7 31. Rg1 f2 32. Bxf2 Rxf2 33. Rh8 Rf1 34. Rxh7+ Ke6 35. Rh6+ Kd5 36. Rh8 Kd4 0-1

[Event "Dieren op"]
[Site "Dieren"]
[Date "1989.??.??"]
[Round "8"]
[White "Den Boer, Ber"]
[Black "Krudde, Fitzgerald"]
[Result "1-0"]
[WhiteElo "2290"]
[BlackElo "2270"]
[PlyCount "81"]
[EventDate "1989.??.??"]
[EventType "swiss"]
[EventRounds "9"]
[EventCountry "NED"]
[SourceTitle "EXT 1997"]
[Source "ChessBase"]
[SourceDate "1996.11.15"]
[SourceVersion "1"]
[SourceVersionDate "1996.11.15"]
[SourceQuality "1"]

1. d4 d5 2. Nf3 Nf6 3. c4 e6 4. Nc3 Be7 5. Bg5 Nbd7 6. Qc2 0-0 7. e3 Re8 8. 0-0-0 c6 9. h4 a5 10. e4 dxc4 11. Bxc4 a4 12. Bd3 a3 13. b3 Nf8 14. Bxf6 Bxf6 15. e5 Be7 16. Ne4 b6 17. Neg5 g6 18. Qd2 f5 19. exf6 Bxf6 20. Qf4 Ra7 21. Ne5 Rc7 22. Bc2 Qe7 23. Ne4 Bg7 24. h5 c5 25. hxg6 hxg6 26. dxc5 Bb7 27. cxb6 g5 28. Nxg5 Rc5 29. Ngf7 Rec8 30. Rd2 Ng6 31. Nh6+ Bxh6 32. Qxh6 Be4 33. Nc4 Rxc4 34. bxc4 Rxc4 35. b7 Qxb7 36. Rd8+ Kf7 37. Qh7+ Kf6 38. Qxb7 Bxb7 39. Kd2 Rc5 40. Rh6 Ke7 41. Rb8 1-0

[Event "Dieren op"]
[Site "Dieren"]
[Date "1989.??.??"]
[Round "3"]
[White "Den Boer, Ber"]
[Black "Pliester, Leon"]
[Result "1/2-1/2"]
[WhiteElo "2290"]
[BlackElo "2385"]
[PlyCount "33"]
[EventDate "1989.??.??"]
[EventType "swiss"]
[EventRounds "9"]
[EventCountry "NED"]
[SourceTitle "EXT 1997"]
[Source "ChessBase"]
[SourceDate "1996.11.15"]
[SourceVersion "1"]
[SourceVersionDate "1996.11.15"]
[SourceQuality "1"]

1. d4 Nf6 2. c4 e6 3. Nf3 b6 4. a3 Bb7 5. Nc3 d5 6. cxd5 Nxd5 7. Qc2 Be7 8. e4 Nxc3 9. bxc3 0-0 10. Bd3 c5 11. 0-0 Qc8 12. Qe2 Ba6 13. Bf4 Bxd3 14. Qxd3 Nd7 15. Qe2 Re8 16. Rfe1 Qb7 17. a4 1/2-1/2

[Event "Dieren op"]
[Site "Dieren"]
[Date "1989.??.??"]
[Round "5"]
[White "Peek, Marcel"]
[Black "Den Boer, Ber"]
[Result "1-0"]
[WhiteElo "2365"]
[BlackElo "2290"]
[PlyCount "72"]
[EventDate "1989.??.??"]
[EventType "swiss"]
[EventRounds "9"]
[EventCountry "NED"]
[SourceTitle "EXT 1997"]
[Source "ChessBase"]
[SourceDate "1996.11.15"]
[SourceVersion "1"]
[SourceVersionDate "1996.11.15"]
[SourceQuality "1"]

1. d4 Nf6 2. c4 e6 3. Nf3 Bb4+ 4. Nbd2 d5 5. Qc2 0-0 6. a3 Be7 7. e4 dxe4 8. Nxe4 Nbd7 9. Nxf6+ Nxf6 10. Bd3 c5 11. Be3 Qa5+ 12. Bd2 Qc7 13. dxc5 Bxc5 14. Bc3 h6 15. Bxf6 gxf6 16. 0-0-0 Qf4+ 17. Kb1 Kh8 18. Rhe1 f5 19. Qe2 b6 20. g3 Qg4 21. h3 Qg7 22. g4 f4 23. Qe4 Bd7 24. Qxf4 Ba4 25. Rd2 Rad8 26. g5 Be7 27. gxh6 Qf6 28. Qe3 Bc5 29. Qe5 Be7 30. Rg1 Qxe5 31. Nxe5 Bf6 32. Ng4 Bg5 33. f4 Bxf4 34. Nf6 Bxh6 35. Rdg2 Bc6 36. Rg4 Be3 1-0

[Event "Dieren op"]
[Site "Dieren"]
[Date "1989.??.??"]
[Round "9"]
[White "Pieterse, Gert"]
[Black "Den Boer, Ber"]
[Result "0-1"]
[WhiteElo "2415"]
[BlackElo "2290"]
[PlyCount "67"]
[EventDate "1989.??.??"]
[EventType "swiss"]
[EventRounds "9"]
[EventCountry "NED"]
[SourceTitle "EXT 1997"]
[Source "ChessBase"]
[SourceDate "1996.11.15"]
[SourceVersion "1"]
[SourceVersionDate "1996.11.15"]
[SourceQuality "1"]

1. d4 Nf6 2. c4 e6 3. Nc3 Bb4 4. f3 c5 5. d5 Bxc3+ 6. bxc3 Qa5 7. e4 0-0 8. Bd2 d6 9. Bd3 Nbd7 10. dxe6 Ne5 11. exf7+ Rxf7 12. Be2 Be6 13. Nh3 Bxh3 14. gxh3 Nh5 15. 0-0 Ng6 16. f4 Nhxf4 17. Bg4 Qd8 18. Kh1 Qh4 19. Bf5 Re8 20. Bxf4 Nxf4 21. Qxd6 Nxh3 22. Qxc5 Ng5 23. Qd5 g6 24. Bd7 Qxe4+ 25. Qxe4 Rxe4 26. Rxf7 Kxf7 27. Rb1 b6 28. Bc6 Re3 29. Rb3 Re1+ 30. Kg2 Re2+ 31. Kg3 Rxa2 32. c5 bxc5 33. Rb7+ Kf6 34. Rxh7 0-1